| 000 | 00605nam a2200181 i 4500 | ||
|---|---|---|---|
| 001 | 91022 | ||
| 003 | ES-MaACL | ||
| 005 | 20231211200242.0 | ||
| 007 | t| | ||
| 008 | 050126s1984 sp a |||| |dspa d | ||
| 245 | 0 | 0 | _aAngel María de Lera en el recuerdo. |
| 260 |
_a[Madrid] : _bRepública de las Letras, _c1984. |
||
| 300 |
_a74 p. : _bil. ; _c31 cm. |
||
| 595 | _aRepública de las Letras, órgano de la Asociación Colegial de Escritores de España, n. 12 oct.-dic. 1984. | ||
| 600 | 1 | 4 |
_aLera, Ángel María de, _d1912-1984 _971742 |
| 852 |
_aES-MaACL _jL-7220 |
||
| 999 |
_c91022 _d91022 |
||